<?xml version="1.0" encoding="UTF-8"?><?xml-stylesheet type="text/xsl" href="static/style.xsl"?><OAI-PMH xmlns="http://www.openarchives.org/OAI/2.0/" xmlns:xsi="http://www.w3.org/2001/XMLSchema-instance" xsi:schemaLocation="http://www.openarchives.org/OAI/2.0/ http://www.openarchives.org/OAI/2.0/OAI-PMH.xsd"><responseDate>2026-04-27T21:30:20Z</responseDate><request verb="GetRecord" identifier="oai:uvadoc.uva.es:10324/3435" metadataPrefix="marc">https://uvadoc.uva.es/oai/request</request><GetRecord><record><header><identifier>oai:uvadoc.uva.es:10324/3435</identifier><datestamp>2021-06-18T09:21:19Z</datestamp><setSpec>com_10324_38</setSpec><setSpec>col_10324_787</setSpec></header><metadata><record xmlns="http://www.loc.gov/MARC21/slim" xmlns:doc="http://www.lyncode.com/xoai" xmlns:xsi="http://www.w3.org/2001/XMLSchema-instance" xmlns:dcterms="http://purl.org/dc/terms/" xsi:schemaLocation="http://www.loc.gov/MARC21/slim http://www.loc.gov/standards/marcxml/schema/MARC21slim.xsd">
<leader>00925njm 22002777a 4500</leader>
<datafield tag="042" ind1=" " ind2=" ">
<subfield code="a">dc</subfield>
</datafield>
<datafield tag="720" ind1=" " ind2=" ">
<subfield code="a">Torrego Martín, Cristina</subfield>
<subfield code="e">author</subfield>
</datafield>
<datafield tag="260" ind1=" " ind2=" ">
<subfield code="c">2013</subfield>
</datafield>
<datafield tag="520" ind1=" " ind2=" ">
<subfield code="a">El presente trabajo pretende aplicar y desarrollar los conocimientos y capacidades&#xd;
adquiridos en el seno del Máster de Profesorado.&#xd;
La Unidad Didáctica llevada a cabo para la realización de este trabajo se titula “La&#xd;
Evolución de la Clasificación de los Minerales”. Dicha unidad pretende hacer&#xd;
comprender a los alumnos el mundo que les rodea, a través del estudio de los minerales,&#xd;
y como los distintos descubrimientos y avances tecnológicos, que se han producido a lo&#xd;
largo de los tiempos, han condicionado y condicionan nuestra vida.&#xd;
Durante este trabajo se van a desarrollar: Los minerales y el currículo oficial en&#xd;
Educación Secundaria Obligatoria y Bachillerato, Relación de leyes para la Educación&#xd;
Secundaria Obligatoria y Bachillerato, Desarrollo de la Unidad Didáctica “La evolución&#xd;
de la clasificación de los minerales” para 3º de Educación Secundaria Obligatoria,&#xd;
Descripción de la Unidad Didáctica diseñada para 3ºB de ESO del Instituto de&#xd;
Educación Secundaria Emilio Ferrari en Valladolid y Fundamentación teórica&#xd;
imprescindible para el profesor en el desarrollo de la presente Unidad Didáctica.</subfield>
</datafield>
<datafield tag="024" ind2=" " ind1="8">
<subfield code="a">http://uvadoc.uva.es/handle/10324/3435</subfield>
</datafield>
<datafield ind1=" " ind2=" " tag="653">
<subfield code="a">Minerales-Clasificación</subfield>
</datafield>
<datafield tag="245" ind1="0" ind2="0">
<subfield code="a">La evolución de la clasificación de los minerales</subfield>
</datafield>
</record></metadata></record></GetRecord></OAI-PMH>